000 00417nam a2200181Ia 4500
001 24005
005 20260414151015.0
008 260414t2015||||xx |||||||||||||| ||spa||
041 _aESP
082 _a745.5185
_bS12
100 _aSabogal, José
_eAUT
245 0 _aEl mate en el Perú
_b
260 _c2015
300 _a143 páginas :
_c15 cm.
650 _aABD
654 _aCAU
942 _cLIB
_dJUS
_fJUS
_2ddc
_n
999 _c24005
_d24005